000 00630nam a2200229 a 4500
001 BRCA_7727
005 20190320205950.0
008 300813s1959----sp-a######---#000-0#spa-#
041 _aspa
044 _asp
050 4 _aNB806
_b.M37 1959
100 1 _aMartin González, Juan Jose
_919119
245 1 0 _aEscultura barroca castellana
_cJuan Jose Martin González.
260 _aMadrid
_bFundación Lázaro Galdiano
_c1959
300 _axv, 453 p.
_bil.
500 _aU76
650 1 4 _aEscultura
_zEspaña
_99315
650 1 4 _aEscultura barroca
_97867
650 1 4 _aEscultura
_xHistoria
_93347
902 _aGFM
942 _2lcc
_cB
999 _c7401
_d7401